مكتبة جامعة عجلون الوطنية

فهرس بحث المكتبة

Normal view MARC view
  • مادبا-قررات مجلس البلدية

Entry Topical Term

Number of records used in: 1

001 - CONTROL NUMBER

  • control field: 49417

003 - CONTROL NUMBER IDENTIFIER

  • control field: JO-AjAnu

005 - DATE AND TIME OF LATEST TRANSACTION

  • control field: 20230606082137.0

008 - FIXED-LENGTH DATA ELEMENTS

  • fixed length control field: 230606|| aca||aabn | a|a d

040 ## - CATALOGING SOURCE

  • Original cataloging agency: JO-AjAnu
  • Transcribing agency: JO-AjAnu

150 ## - HEADING--TOPICAL TERM

  • Topical term or geographic name entry element: مادبا-قررات مجلس البلدية

670 ## - SOURCE DATA FOUND

  • Source citation: Work cat.: (JO-AjAnu)25271: دراسة وتجقيق هند غسان ابو الشعر، دراسة وتجقيق عبدالله مطلق العساف, author 49416, مأدبا(1923-1927) الملامح الاجتماعية والاقتصادية من خلال سجل مقررات مجلس البلدية